000 01010nmc a2200325 a 4500
003 AR-BaBNM
005 20251128203504.0
008 157019s1965 ||||||||||||||000 | spa||
040 _cAR-BaBNM
245 1 0 _aPopol Vuh, o, Libro del consejo de los indios quichés
246 1 _aLibro del consejo de los indios quichés
260 _aBuenos Aires
_bLosada
_c1965
300 0 _a183 p.
490 0 _aBiblioteca contemporánea
500 0 _aLas notas se encuentran p. 155-168
500 0 _aLa presente es una traducción de la versión francesa del prof. Georges Raynaud
650 4 _aRELIGION
650 4 _aLITERATURA
650 4 _aANTROPOLOGIA CULTURAL Y SOCIAL
650 4 _aCOSTUMBRES Y TRADICIONES
650 4 _aHISTORIA LITERARIA
650 4 _aABORIGENES
650 4 _aPOBLACIONES ABORIGENES
651 4 _aMéxico
651 4 _aAmérica del Sur
700 1 _aAsturias, Miguel Angel
_etraductor
700 1 _aGónzalez de Mendoza, J.M.
_etraductor
942 _cBK
998 _cmariana
999 _c3618
_d3618